000 01425nam a2200253Ii 4500
003 JO-AjNU
005 20240625094456.0
008 230605s9999||||xx |||||||||||||| ||und||
040 _aJO-AjNU
_bara
_erda
_cJO-AjNU
041 _aara
050 1 4 _aHG3261.2020
100 1 _aاعداد، لبنى محمد حسين الروابدة
_eمعد
_965579
245 1 0 _aاثر الادوات الداخلية للحاكمية المؤسسية على الاداء التشغيلي للمصارف الاسلامية الاردنية=The Effect of the Internal Mechanisms of Corporate Governance on the Operational Performance of the Jordanian Islamic Banks /
_cاعداد لبنى محمد حسين الروابدة ؛ اشراف محمد المومني، شيرين العلي
260 _c2020
300 _a109 ورقة
336 _atext
_btxt
_2rdacontent
337 _aunmediated
_bn
_2rdamedia
338 _avolume
_bnc
_2rdacarrier
500 _aرسالة جامعية(اطروحة ماجستير) جامعة عجلون الوطنية ،كلية ادارة الاعمال،المصارف الاسلامية2020، يحتوي على قائمة مراجع من ص94-109ص
650 7 _aالحاكمية المؤسسية -المصارف الاسلامية - الاردن
_959710
700 1 _aالمومني، محمد
_eمشرف
_965317
700 1 _aالعلي، شيرين
_eمشرف مشارك
_965534
942 _2lcc
_cTHS
999 _c30451
_d30451